00634nam a2200205Ia 4500008004100000020001500041050001500056100001600071245002400087245003300111260003800144260000900182300001600191300001100207650002300218650004400241650001200285999001900297952011200316160319s9999 xx 000 0 und d a9719285508 bR627e 2005 aRizal, Jose aEl Filibusterismo : cinihanda ni Tomas C. Ongoco. bAlberto Enrico Educational Center c2005 a355 pages : c25 cm. aHISTORICAL FICTION aPHILIPPINES -- HISTORY -- 1812-1898 --  xFICTION c292317d292317 001040aSSISBbSSISBcFILd2016-03-19l0oFil Fic R627e 2005pUS 0520r2016-03-19 00:00:00w2016-03-19yBK